| 000 | 00852nab a2200265 u 4500 | ||
|---|---|---|---|
| 001 | 07732 | ||
| 003 | HDC | ||
| 007 | cr bn ---aaaaa | ||
| 008 | 210127c mydr|nes 0 a may d | ||
| 040 | _aHDC | ||
| 100 |
_aABDUL RAZAK IDRIS _eauthor _98221 |
||
| 245 | 0 |
_aBinwaharp's Grocer sasar 1000 cawangan/ _cby ABDUL RAZAK IDRIS |
|
| 260 |
_aKuala Lumpur : _bUTUSAN MALAYSIA, _c2016 |
||
| 300 | _a3 page | ||
| 336 |
_atext _2rdacontent |
||
| 337 |
_acomputer _2rdamedia |
||
| 338 |
_aonline resource _2rdacarrier |
||
| 650 |
_aEconomy _91877 |
||
| 650 |
_aHalal industry _9144 |
||
| 650 |
_aHalal product _948 |
||
| 856 | _zRequest full-text at [email protected] | ||
| 942 | _2lcc | ||
| 942 | _cNEWS | ||
| 942 | _kNWSC 001195 | ||
| 999 |
_c5055 _d5055 |
||